| 000 | 01178cam a2200301 a 4500 | ||
|---|---|---|---|
| 001 | 000008950 | ||
| 005 | 20200929161440.0 | ||
| 008 | 040727s2002 pr b 001 1 spa | ||
| 020 | _a1563281694 | ||
| 040 |
_aDO-SdBNP _cDLC _dDLC |
||
| 082 |
_aPR863.4 _bL181L |
||
| 100 | 1 |
_aLaguerre, Enrique A., _d1906-2005 _923540 |
|
| 245 | 1 | 3 |
_aLa llamarada / _cEnrique Laguerre ; edición, Marithelma Costa, prólogo, Antonio S. Pedreira. |
| 260 |
_aSan Juan, (Puerto Rico) : _bPlaza Mayor, _c2002. |
||
| 300 |
_a448 p. ; _c21 cm. |
||
| 490 | 1 | _aClásicos Comentados de la Literatura Puertorriqueña | |
| 504 | _aBibliografía p. (429-431), Incluye índice léxico, onomástico y fraseológico. | ||
| 504 | _aÍncluye notas al pie de las páginas | ||
| 650 | 4 |
_aNovela puertorriqueña _91185 |
|
| 650 | 4 |
_aLiteratura puertorriqueña _9250 |
|
| 650 | 4 |
_aNovela social puertorriqueña _923541 |
|
| 600 | 1 | 4 |
_aLAGUERRE, ENRIQUE A. _tLLAMARADA. _923542 |
| 700 | 1 |
_aCosta, Marithelma, _eed. _922346 |
|
| 700 | 1 |
_aPedreira, Antonio S, _epról. _923543 |
|
| 830 | 0 |
_aClásicos Comentados de la Literatura Puertorriqueña _913571 |
|
| 910 | _aCatalogación por copia / LC | ||
| 049 | _aBNGR | ||
| 999 |
_c8715 _d8715 |
||